| 000 | 00959nam a2200229Ia 4500 | ||
|---|---|---|---|
| 999 |
_c36831 _d36831 |
||
| 001 | 2774 | ||
| 003 | GE_BSU | ||
| 005 | 20190503154258.0 | ||
| 008 | 181216s1997||||ge |||||||||||||| ||geo|| | ||
| 040 | _cGE_BSU | ||
| 041 | _ageo | ||
| 080 | _a330.1(0785.8) ჩ–68 | ||
| 100 |
_aჩიქავა, ლეო _9691 |
||
| 245 |
_aეკონომიკური თეორიის მოკლე კურსი : _bსახელმძღ. სტუდ. / _cლეო ჩიქავა , რედ : როზეტა ასათიანი |
||
| 264 |
_aთბილისი :. _bსიახლე , _c1997. |
||
| 300 |
_a456 ; გვ. _c20 სმ. |
||
| 541 | _h12 ლ. | ||
| 653 | _aეკონომიკის თეორიის სახელმძღვანელო | ||
| 653 | _aეკონომიკა | ||
| 700 |
_aასათიანი , როზეტა _eრედაქტორი _9690 |
||
| 942 |
_cBK _2udc |
||